00531nam a2200205Ia 4500008004100000020001800041050001500059050001400074100002000088245001300108245002000121260001300141260002900154260000900183300001600192300002700208300001100235650005200246650002700298161112s9999 xx 000 0 und d a971-93446-1-2 aREF NC 880 b.B65 2008 aBolaños, Greg 0aPastel / 0cGreg Bolaños. a[s. l. ] bJamayco Publishing House c2007 a178 pages : bcolor illustrations. ; c29 cm. aPastel drawing -- Philippines -- 20th century.  xPainting, Philippines.